| 000 | 00670nam a2200229 i 4500 | ||
|---|---|---|---|
| 001 | 71127 | ||
| 003 | ES-MaACL | ||
| 005 | 20250815164341.0 | ||
| 007 | t| | ||
| 008 | 040805s1969 fr ||||1| fre d | ||
| 100 | 1 |
_aGaudefroy-Demombynes, Maurice. _955992 |
|
| 245 | 1 | 0 |
_aMahomet / _cMaurice Gaudefroy-Demombynes. |
| 250 | _a[2e ed.]. | ||
| 260 |
_a[París] : _bAlbin Michel, _c[1969] |
||
| 300 |
_a698 p. ; _c18 cm. |
||
| 490 | 1 |
_aL'évolution de l'humanité ; _v11 |
|
| 600 | 0 | 4 |
_aMahoma. _975544 |
| 650 | 7 |
_aIslamismo _2embne _913903 |
|
| 830 | 0 |
_aL'évolution de l'humanité ; _v11 _9181507 |
|
| 852 |
_aES-MaACL _jE-5456 _bR.89806 |
||
| 999 |
_c71127 _d71127 |
||